000
00388nam a2200133Ia 4500
008
151001s9999||||xx |||||||||||||| ||und||
100
_a
पाटील आप्पासाहेब
245
_a
प्रीतीगंध
250
_a
1
260
_b
गुलमोहर प्रकाशन सातारा
260
_c
1985
300
_a
128
365
_b
18
999
_c
964628
_d
964625